Olomoucky festival detských speváckych zborov

Bibliographic Details
Main Author: Kymlová, Miroslava (Author)
Format: Article
Language:Slovak
PhysicalDescription:Obr.
Subjects:

MARC

LEADER 00000nab a2200000 ar4500
001 vtls009184270
003 SK-MaSNL
005 20260303054414.0
008 071107c1976 xo |r|p|||||||000 b|slo
015 |a SNBRB1976 
038 |a SNKBUCL 
040 |a SNKBUCL  |b slo  |c SNKBUCL  |e AACR2 
041 |a slo 
044 |a xo  |c SK 
080 |a 783.8-053.2.079  |2 1997 
100 1 |a Kymlová, Miroslava  |4 aut  |9 1048338 
245 1 0 |a Olomoucky festival detských speváckych zborov  |c Miroslava Kymlová 
300 |b Obr. 
611 2 7 |a Festival detského zborového spevu  |n (5. :  |d 1976 :  |c Olomouc, Česko)  |2 snkbucl  |9 1048339 
651 7 |a Olomouc (Česko)  |2 snkbucl  |9 30879 
773 0 |t Osvetová práca  |g Roč. 26, č. 21 (1976), s. 26-27 
852 |a SNK  |b KIS3GCP 
958 |a CZ 
999 |c 1723113  |d 1725043